Digital Marketing: A Step By Step Guide (Record no. 43569)

MARC details
000 -LEADER
fixed length control field 00483nam a22001697a 4500
005 - DATE AND TIME OF LATEST TRANSACTION
control field 20250416150617.0
008 - FIXED-LENGTH DATA ELEMENTS--GENERAL INFORMATION
fixed length control field 250404b |||||||| |||| 00| 0 eng d
020 ## - INTERNATIONAL STANDARD BOOK NUMBER
International Standard Book Number 9781639899548
041 ## - LANGUAGE CODE
Language code of text/sound track or separate title eng
082 ## - DEWEY DECIMAL CLASSIFICATION NUMBER
Classification number 658.872 WIL
100 ## - MAIN ENTRY--PERSONAL NAME
Author Williamson, Austin
245 ## - TITLE STATEMENT
Title Digital Marketing: A Step By Step Guide
260 ## - PUBLICATION, DISTRIBUTION, ETC.
Place USA
Publisher States Academic Press
Publication Year 2025
300 ## - PHYSICAL DESCRIPTION
Extent 205;. pages 26cm
650 ## - SUBJECT ADDED ENTRY--TOPICAL TERM
Subject Electronic Commerce; Internet Marketing: Digital Marketing
942 ## - ADDED ENTRY ELEMENTS (KOHA)
Koha item type Books
Holdings
Withdrawn status Lost status Source of classification or shelving scheme Damaged status Not for loan Home library Current library Shelving location Accession Date Vendor Price Bill number Total Checkouts Full call number Barcode No Date last seen Date last checked out Discount Bill Date Koha item type Suggested By
    Dewey Decimal Classification     IMTN IMTN Rack 36-B 03/28/2025 Raghav Books Private limited 13275.60 2374 1 658.872 WIL 33895 07/08/2025 07/04/2025 33 02/14/2025 Books Suraj Bijwe (2024091)
Designed & Maintained by: LRC IMT Nagpur Contact: lrc@imtnag.ac.in© 2024. All Rights Reserved.